| 000 | 00536pam a2200205 a 4500 | ||
|---|---|---|---|
| 020 | _c190.00 | ||
| 040 | _aMedical College Lib. | ||
| 041 |
_aENG _hENG |
||
| 082 |
_a617.96 _bYAD |
||
| 100 | _aYadav, Ajay. | ||
| 245 |
_aShort Textbook of Anaesthesia / _c _hTextual Documents |
||
| 250 |
_a3rd / _b. |
||
| 260 |
_aDelhi : _bAcadema Publishers , _c2007. |
||
| 300 |
_a242 ; _c |
||
| 365 | _a190.00 | ||
| 653 |
_aAnaesthesiology _aMedical Science |
||
| 930 | _a7838 | ||
| 999 |
_c7837 _d7837 |
||